[Event "BUL-chT 70th"]
[Site "Primorsko"]
[Date "2020.09.09"]
[Round "1.2"]
[White "Georgiev, Biser"]
[Black "Kozhuharov, Spas"]
[Result "1-0"]
[WhiteElo "2234"]
[BlackElo "2424"]
[PlyCount "97"]
[EventDate "2020.09.09"]
[EventType "team-tourn"]
[EventRounds "7"]
[EventCountry "BUL"]
[SourceTitle "CBM 198 Extra"]
[Source "ChessBase"]
[SourceDate "2020.11.30"]
[SourceVersion "1"]
[SourceVersionDate "2020.11.30"]
[SourceQuality "1"]
[WhiteTeam "Dobrich Energiya 21"]
[BlackTeam "Plovdiv Chess Bomb"]
[WhiteTeamCountry "BUL"]
[BlackTeamCountry "BUL"]

1. e4 c5 2. Nf3 d6 3. Bb5+ Nc6 4. 0-0 Bd7 5. Re1 Nf6 6. c3 a6 7. Bf1 Bg4 8. h3 Bxf3 9. Qxf3 g6 10. d3 Bg7 11. Be3 Nd7 12. Nd2 b5 13. a3 a5 14. Qd1 0-0 15. Nf3 b4 16. axb4 axb4 17. d4 Ra5 18. Qd3 bxc3 19. bxc3 Qc7 20. Rxa5 Nxa5 21. Rb1 Ra8 22. Ra1 Rb8 23. Qa6 cxd4 24. cxd4 Nb3 25. Ra3 e5 26. dxe5 Nxe5 27. Nxe5 Bxe5 28. Qc4 Qxc4 29. Bxc4 Nc5 30. f4 Bb2 31. Bxc5 dxc5 32. Ra7 Bd4+ 33. Kh2 Rf8 34. h4 h5 35. e5 Be3 36. g3 Bd4 37. Kg2 Be3 38. Kf3 Bd4 39. Rc7 Bg1 40. Rd7 Bd4 41. g4 Bc3 42. g5 Be1 43. f5 Kg7 44. f6+ Kg8 45. e6 fxe6 46. Rg7+ Kh8 47. Rxg6 Bxh4 48. Rh6+ Kg8 49. Bxe6+ 1-0

[Event "Plovdiv Tringov Memorial 42nd"]
[Site "Plovdiv"]
[Date "2020.07.18"]
[Round "8"]
[White "Kozhuharov, Spas"]
[Black "Enchev, Ivajlo"]
[Result "1/2-1/2"]
[WhiteElo "2422"]
[BlackElo "2493"]
[PlyCount "39"]
[EventDate "2020.07.12"]
[EventType "swiss"]
[EventRounds "9"]
[EventCountry "BUL"]
[SourceTitle "EXT 2022"]
[Source "ChessBase"]
[SourceDate "2021.10.06"]
[SourceVersion "1"]
[SourceVersionDate "2021.10.06"]
[SourceQuality "1"]

1. Nf3 d5 2. c4 e6 3. g3 dxc4 4. Bg2 a6 5. a4 Nf6 6. Qc2 c5 7. 0-0 Nc6 8. Qxc4 b5 9. Qh4 Rb8 10. axb5 axb5 11. d3 Be7 12. Nc3 0-0 13. Bg5 h6 14. Ne4 Nxe4 15. Bxe7 Qxe7 16. Qxe4 Bb7 17. Qe3 Qd6 18. Rfc1 Nd4 19. Nxd4 cxd4 20. Qd2 1/2-1/2

[Event "Plovdiv Tringov Memorial 42nd"]
[Site "Plovdiv"]
[Date "2020.07.13"]
[Round "2"]
[White "Kozhuharov, Spas"]
[Black "Tornay Gomez, Josu"]
[Result "1-0"]
[WhiteElo "2422"]
[BlackElo "1979"]
[PlyCount "67"]
[EventDate "2020.07.12"]
[EventType "swiss"]
[EventRounds "9"]
[EventCountry "BUL"]
[SourceTitle "EXT 2022"]
[Source "ChessBase"]
[SourceDate "2021.10.06"]
[SourceVersion "1"]
[SourceVersionDate "2021.10.06"]
[SourceQuality "1"]

1. e4 e5 2. Nf3 Nc6 3. Bb5 a6 4. Ba4 Nf6 5. 0-0 b5 6. Bb3 Bc5 7. a4 Rb8 8. axb5 axb5 9. c3 d6 10. d3 0-0 11. Nbd2 Bb6 12. Re1 Be6 13. Nf1 d5 14. exd5 Bxd5 15. Bc2 Ng4 16. Ne3 Nxe3 17. Bxe3 Qf6 18. Ra6 Bxe3 19. Rxe3 Ra8 20. Rxa8 Rxa8 21. g3 Nd4 22. cxd4 exd4 23. Re4 Bxe4 24. dxe4 c5 25. e5 Qh6 26. b4 c4 27. Nxd4 Rd8 28. Qg4 Qb6 29. Nf5 g6 30. Qg5 Qc7 31. Nh6+ Kg7 32. Ng4 Qb6 33. Qh6+ Kh8 34. Nf6 1-0

[Event "EU-ch Online 2300+ Final"]
[Site "Chess.com INT"]
[Date "2020.05.30"]
[Round "3"]
[White "Caspi, Israel"]
[Black "Kozhuharov, Spas"]
[Result "0-1"]
[WhiteElo "2489"]
[BlackElo "2422"]
[PlyCount "70"]
[EventDate "2020.05.30"]
[EventType "swiss"]
[EventRounds "8"]
[EventCountry "NET"]
[SourceTitle "CBM 196 Extra"]
[Source "ChessBase"]
[SourceDate "2020.07.31"]
[SourceVersion "1"]
[SourceVersionDate "2020.07.31"]
[SourceQuality "1"]

1. e4 c6 2. d4 d5 3. e5 c5 4. c4 cxd4 5. Nf3 dxc4 6. Bxc4 Nc6 7. 0-0 e6 8. Re1 Bc5 9. a3 Nge7 10. b4 Bb6 11. Bb2 Ng6 12. Nbd2 0-0 13. Bd3 Bc7 14. Nc4 b5 15. Nd6 Ncxe5 16. Nxc8 Nxd3 17. Qxd3 Rxc8 18. Qxb5 e5 19. Rad1 Qd6 20. Ng5 Rfd8 21. Ne4 Qd5 22. Qa6 Bb6 23. Bc1 f5 24. Ng3 e4 25. Nh5 d3 26. Nf4 Nxf4 27. Bxf4 Rc2 28. Be3 d2 29. Rf1 Qd3 30. Qxd3 Rxd3 31. Bxb6 axb6 32. Ra1 Rdc3 33. Rad1 f4 34. g3 e3 35. fxe3 fxe3 0-1

[Event "EU-ch Online 2300+ Final"]
[Site "Chess.com INT"]
[Date "2020.05.30"]
[Round "8"]
[White "Kozhuharov, Spas"]
[Black "Iljin, Timofey"]
[Result "0-1"]
[WhiteElo "2422"]
[BlackElo "2273"]
[PlyCount "64"]
[EventDate "2020.05.30"]
[EventType "swiss"]
[EventRounds "8"]
[EventCountry "NET"]
[SourceTitle "CBM 196 Extra"]
[Source "ChessBase"]
[SourceDate "2020.07.31"]
[SourceVersion "1"]
[SourceVersionDate "2020.07.31"]
[SourceQuality "1"]

1. c4 e6 2. d4 d5 3. Nc3 Bb4 4. Nf3 Nf6 5. cxd5 exd5 6. Bg5 h6 7. Bxf6 Qxf6 8. Qb3 Qb6 9. e3 0-0 10. Be2 c6 11. 0-0 Bd6 12. Qc2 Bg4 13. a3 a5 14. h3 Be6 15. Na4 Qc7 16. Nc5 Bc8 17. b4 b6 18. Nd3 Bf5 19. Qc3 Nd7 20. Rfc1 Rfc8 21. bxa5 Rxa5 22. Nb4 Qb7 23. Nxc6 Raa8 24. Bb5 Nf6 25. Qb2 Bd7 26. Nce5 Rxc1+ 27. Rxc1 Bxa3 28. Qb1 Bxb5 29. Rc3 Be8 30. Nh4 Bf8 31. Nf5 Ne4 32. Rb3 Nd2 0-1

[Event "EU-ch Online 2300+ Qual"]
[Site "Chess.com INT"]
[Date "2020.05.29"]
[Round "2"]
[White "Studer, Noel"]
[Black "Kozhuharov, Spas"]
[Result "0-1"]
[WhiteElo "2580"]
[BlackElo "2422"]
[PlyCount "162"]
[EventDate "2020.05.29"]
[EventType "swiss"]
[EventRounds "8"]
[EventCountry "NET"]
[SourceTitle "CBM 196 Extra"]
[Source "ChessBase"]
[SourceDate "2020.07.31"]
[SourceVersion "1"]
[SourceVersionDate "2020.07.31"]
[SourceQuality "1"]

1. d4 d5 2. c4 dxc4 3. Nf3 Nf6 4. e3 e6 5. Bxc4 a6 6. 0-0 b5 7. Bd3 Bb7 8. a4 b4 9. Nbd2 c5 10. a5 Nbd7 11. Nc4 Be7 12. Qe2 0-0 13. Nfe5 cxd4 14. exd4 Rc8 15. Rd1 Nd5 16. Bd2 N7f6 17. Rac1 Rc7 18. Ra1 Qa8 19. Nb6 Qa7 20. Nec4 Nd7 21. Nxd5 Bxd5 22. Bf4 Rcc8 23. Ne3 Bb7 24. Nf5 Rfe8 25. Nxe7+ Rxe7 26. Bd6 Ree8 27. Bxb4 Bxg2 28. Kxg2 Qb7+ 29. Qe4 Qxb4 30. Qxh7+ Kf8 31. Bxa6 Nf6 32. Qh4 Ra8 33. Be2 Rxa5 34. Rxa5 Qxa5 35. Rd3 Qb4 36. b3 Rd8 37. Qf4 Nd5 38. Qh4 Qd6 39. Rf3 Nf6 40. Rg3 Qxd4 41. Qh8+ Ng8 42. Bd3 g6 43. Qxd4 Rxd4 44. Bc4 Nf6 45. Rc3 Rd2 46. Kf3 Ke7 47. b4 Kd6 48. b5 Rb2 49. Bf1 Nd5 50. Rc6+ Ke5 51. Ra6 g5 52. h3 f5 53. Ra3 Nc7 54. Rc3 Nd5 55. Ra3 Kd4 56. Ra6 e5 57. Ra4+ Kc5 58. Rc4+ Kd6 59. Rc6+ Kd7 60. Bc4 e4+ 61. Kg3 Nc7 62. Rg6 f4+ 63. Kg2 e3 64. b6 Ne8 65. Kf1 Rxf2+ 66. Ke1 Rb2 67. Rxg5 Rxb6 68. Bb5+ Kd8 69. Bxe8 Kxe8 70. Ke2 Rb2+ 71. Kd3 Rf2 72. h4 Ke7 73. h5 Kf6 74. Rg6+ Kf5 75. Rg8 Rd2+ 76. Kc3 Rh2 77. Rh8 Ke4 78. h6 Kf3 79. h7 Rh1 80. Kd3 e2 81. Re8 Rxh7 0-1